000 00196 a2200097 4500
001 16779
100 _aThrower Percy
245 _aIn your garden
260 _a
_bHamlyn
_c
090 _c12645
_d12645
942 _aNUST-CAE
_cM
_c2942
999 _c251852
_d251852